Limited-dependent and qualitative variables in econometrics / (Record no. 15263)

000 -LEADER
fixed length control field 00435cam a2200157Ia 4500
020 ## - INTERNATIONAL STANDARD BOOK NUMBER
ISBN 0521338255
040 ## - CATALOGING SOURCE
Transcribing agency MBB
082 ## - DEWEY DECIMAL CLASSIFICATION NUMBER
Classification number 330 CAM 1986 A075 Or.
100 1# - MAIN ENTRY--AUTHOR NAME
Personal name Maddala, G. S
245 10 - TITLE STATEMENT
Title Limited-dependent and qualitative variables in econometrics /
250 ## - EDITION STATEMENT
Edition statement 1st pbk. ed
260 ## - PUBLICATION, DISTRIBUTION, ETC. (IMPRINT)
Place of publication Cambridge ;
-- New York :
Name of publisher Cambridge University Press,
Year of publication 1986
300 ## - PHYSICAL DESCRIPTION
Number of Pages xi, 401 p. ;
Dimensions 23 cm
650 #0 - SUBJECT ADDED ENTRY--TOPICAL TERM
Topical Term Econometrics
942 ## - ADDED ENTRY ELEMENTS (KOHA)
Koha item type សៀវភៅភាសាអង់គ្លេស
952 ## - LOCATION AND ITEM INFORMATION (KOHA)
Withdrawn status [LOCAL, KOHA] 0
Holdings
Permanent Location Date acquired Koha item type Lost status Shelving location Barcode Current Location Full call number
Library Block A2017-11-14សៀវភៅភាសាអង់គ្លេស A075A07776Library Block A330 CAM 1986 A075 Or.
មជ្ឈមណ្ឌលឯការនៃសាកលវិទ្យាល័យភូមិន្ទកសិកម្មចំការដូង

Powered by Koha